Tennis - Le top 20 du classement ATP au 1er janvier 2002 - Statistiques

Statistiques générales
  • Ce quiz a été pris 5 fois
  • Le résultat moyen est 12 sur 20
Statistiques - réponses
Rang Joueur Pays Âge Points % Correct
1 Lleyton Hewitt Australie 20 4 365
100%
13 Roger Federer Suisse 20 1 745
100%
3 Andre Agassi États-Unis 31 3 520
80%
14 Andy Roddick États-Unis 19 1 573
80%
17 Arnaud Clément France 24 1 475
80%
2 Gustavo Kuerten Brésil 25 3 855
80%
5 Juan Carlos Ferrero Espagne 21 3 040
80%
19 Carlos Moya Espagne 25 1 310
60%
11 Marat Safin Russie 21 1 920
60%
6 Sébastien Grosjean France 23 2 790
60%
9 Tim Henman Royaume-Uni 27 2 100
60%
4 Yevgeny Kafelnikov Russie 27 3 090
60%
16 Alex Corretja Espagne 27 1 525
40%
8 Tommy Haas Allemagne 23 2 285
40%
7 Patrick Rafter Australie 29 2 785
40%
10 Pete Sampras États-Unis 30 1 940
40%
18 Thomas Johansson Suède 26 1 375
40%
20 Albert Portas Espagne 28 1 220
20%
12 Goran Ivanisevic Croatie 30 1 761
20%
15 Guillermo Canas Argentine 24 1 572
20%
Aucun quiz correspondant
Distribution des résultats
% des personnes avec chaque résultat
Percentile par nombre de réponses
Votre historique - résultats
Vous n’avez pas pris ce quiz